15 najbogatszych państw według Międzynarodowego Funduszu Walutowego - Statystyki

Ogólne statystyki
  • Ten quiz został rozwiązany 83 razy
  • Średni wynik to 13 z 15
Statystyki odpowiedzi
Dane Międzynarodowego Funduszu Walutowego (w mln USD) Państwo % Poprawnych
22 997 500 Chiny
100%
2 935 488 Francja
100%
96 292 574 Stany Zjednoczone
100%
4 225 924 Niemcy
96%
1 775 548 Rosja
96%
4 937 422 Japonia
95%
1 990 762 Kanada
92%
1 426 224 Hiszpania
91%
2 101 276 Włochy
91%
3 187 626 Wielka Brytania
90%
3 041 985 Indie
88%
1 633 290 Australia
83%
1 608 080 Brazylia
83%
1 798 544 Korea Południowa
78%
1 426 300 Iran
49%
Nie znaleziono quizów pasujących do podanych kryteriów
Rozkład punktacji
Procent ludzi z każdym wynikiem
Percentyl według liczby udzielonych odpowiedzi
Twoja historia wyników
Nie rozwiązałeś tego quizu